Grammar in cross-linguistic perspective (Record no. 26593)
[ view plain ]
| 000 -LEADER | |
|---|---|
| fixed length control field | 01853nam a2200445 a 4500 |
| 082 04 - DEWEY DECIMAL CLASSIFICATION NUMBER | |
| Classification number | 495.15 |
| 245 00 - TITLE STATEMENT | |
| Title | Grammar in cross-linguistic perspective |
| 260 ## - PUBLICATION, DISTRIBUTION, ETC. (IMPRINT) | |
| Place of publication | Bern ; |
| -- | New York : |
| Name of publisher | Peter Lang, |
| Year of publication | 2012. |
| 300 ## - PHYSICAL DESCRIPTION | |
| Number of Pages | 304 p. : |
| Other physical details | ill. |
| 490 1# - SERIES STATEMENT | |
| Series statement | Linguistic insights : studies in language and communication, |
| 650 #0 - SUBJECT ADDED ENTRY--TOPICAL TERM | |
| Topical Term | Comparative linguistics. |
| Topical Term | Japanese language |
| Topical Term | Chinese language |
| Topical Term | Japanese language |
| Topical Term | Chinese language |
| Topical Term | English language |
| Topical Term | Interlanguage (Language learning) |
| Topical Term | Intercultural communication. |
| Topical Term | Speech acts (Linguistics) |
| Topical Term | Grammaticality (Linguistics) |
| 700 1# - ADDED ENTRY--PERSONAL NAME | |
| Personal name | Ishiguro, Teruhiro, |
| Personal name | Luke, Kang Kwong. |
| 856 40 - ELECTRONIC LOCATION AND ACCESS | |
| Uniform Resource Identifier | http://site.ebrary.com/lib/rucke/Doc?id=10690820 |
No items available.
